00693nam a22001817a 450000500170000001000130001702000260003003500120005603700160006808200100008424501410009424600860023526000530032127000590037430000210043370000220045470000350047620221209165421.0 aUR-11787 a9789392496196c350.00 aU-10342 bDBAD/PUBa- a840.8 aمکتب و محراب کا مثا لی پا سبان /cمرتب - واسع احمد اور مصطفئ علی سروریhا ر د و aMaktab Wa Mehrab Ka Misali Pasban /bed. by Wasey Ahmed [and] Mustafa Ali Sarwari aNew DelhibEducational Publishing Housec2021 ء aH.o. D1/16, Ansari Road, Darya GanjbNew Delhie110002 a310 صc23cm(Hb) aواسع احمد aمصطفئ علی سروری